Elektronické zariadenia pre študijné odbory stredných odborných učilíšť mechanik elektronik a elektrotechnika so zameraním na elektronické zariadenia A-1 Elektroakustické zariadenia a rozhlasové prijímače

Podrobná bibliografia
Hlavný autor: Michaláč, Rudolf (Autor)
Médium: Kniha
Jazyk:slovenčina
Fyzický popis:281 strán schémy 21 cm
Vydavateľské údaje: Bratislava Alfa-press 2002
ISBN:8089004482
Vydanie:2. vydanie
Predmet:

MARC

LEADER 00000cam a2200000 a 4500
001 vtls001445982
003 SK-MaSNL
005 20260302024419.0
008 240226s2002 xo l drn p 000 0 slo
015 |a SNBA2003/05-01302 
020 |a 8089004482  |q (brožované) 
035 |a SNK000401219 
035 |a urn:nbn:sk:snk-am3j0gd 
035 |a 7B7BC856-5655-4FA2-B359-A85803C14C1E 
035 |a urn:nbn:sk:snk-am00ghig 
040 |a SNK  |b slo  |c SNK  |e AACR2 
041 0 |a slo 
044 |a xo  |c SK 
072 7 |a 621.3  |x Elektrotechnika  |2 konspekt 
080 |a 621.31-1  |2 2011 
080 |a 621.3  |2 2011 
080 |a (075.3)  |2 2011 
100 1 |a Michaláč, Rudolf  |4 aut  |9 349361 
245 1 0 |a Elektronické zariadenia  |b pre študijné odbory stredných odborných učilíšť mechanik elektronik a elektrotechnika so zameraním na elektronické zariadenia  |c Rudolf Michaláč  |n A-1  |p Elektroakustické zariadenia a rozhlasové prijímače 
246 3 0 |a Elektroakustické zariadenia a rozhlasové prijímače 
250 |a 2. vydanie 
260 |a Bratislava  |b Alfa-press  |c 2002 
300 |a 281 strán  |b schémy  |c 21 cm 
500 |a Celkove 5. vydanie 
504 |a Bibliografia na strane 275-277 
650 0 7 |a elektronické zariadenia  |2 SNKPH  |9 3625 
650 0 7 |a elektrotechnika  |2 SNKPH  |9 3619 
655 7 |a učebnice stredných škôl  |2 SNKPH  |9 69323 
919 |a 80-89004-48-2 
958 |a NB 
958 |a UC 
958 |a OND 
999 |c 1040334  |d 1042264 
952 |a SNK  |b SNK  |y PREZ  |7 0  |p 17A0367655  |o snkSC 110168/1-A  |i snkKSP 15018/2002  |0 0  |1 0  |4 0  |d 2002-12-10  |f 1  |l 0  |r 2025-09-30 00:00:00  |w 2026-02-24 
952 |a SNK  |b SNK  |y VYP  |7 0  |p 17A0367656  |o snkSC 110168/1-A D1  |i snkKSP 15019/2002  |0 0  |1 0  |4 0  |d 2002-12-10  |l 0  |r 2005-01-02 00:00:00  |w 2026-02-24